| 000 | 00894nam a2200217Ia 4500 | ||
|---|---|---|---|
| 003 | GCL | ||
| 008 | 140319s9999 xx 000 0 ara d | ||
| 040 |
_aGCL / _cGCL |
||
| 082 | 0 | 4 |
_a327.11 _bم ت |
| 100 | 1 | _aمها البسطامى (مترجم) | |
| 245 | 1 | 0 |
_aالتابو النووى والنظام الاقليمى الجديد فى الشرق الاوسط (وجهة نظر اسرائيلية فى حرب الخليج ونتائجها) / _cمها البسطامى (مترجم) |
| 700 | 1 | _aشلومو، أهرونسون | |
| 700 | 1 | _aاسحاق رابين | |
| 260 |
_a[S.N] : _bدار قرطبة للنشر والتوثيق والابحاث ، _c1992 |
||
| 300 | _a232 ص | ||
| 490 | _a | ||
| 650 | 0 | 4 | _aالحروب العربية الاسرائيلية |
| 650 | 0 | 4 | _aاسرائيل - تاريخ |
| 650 | 0 | 4 | _aاسرائيل - الاحوال السياسية |
| 942 |
_2ddc _cBK |
||
| 999 |
_c30137 _d30137 |
||